Alba de liberación (Record no. 52282)

MARC details
000 -LEADER
campo de control de longitud fija 00869nam a2200229 i 4500
001 - NÚMERO DE CONTROL
campo de control 52282
003 - IDENTIFICADOR DE NÚMERO DE CONTROL
campo de control ES-MaACL
005 - FECHA Y HORA DE LA ÚLTIMA TRANSACCIÓN
campo de control 20250824225840.0
007 - CAMPO FIJO DE DESCRIPCIÓN FÍSICA--INFORMACIÓN GENERAL
campo de control de longitud fija t|
008 - DATOS DE LONGITUD FIJA--INFORMACIÓN GENERAL
campo de control de longitud fija 030827s1945 sp ||||1| spa d
100 1# - ENTRADA PRINCIPAL--NOMBRE DE PERSONA
Nombre de persona Ciano, Galeazzo
Títulos y otros términos asociados al nombre Conte (
Fechas asociadas al nombre 1903-1944)
9 (RLIN) 38735
245 10 - MENCIÓN DEL TÍTULO
Título Alba de liberación
Resto del título : discursos pronunciados por el primer ministro británico, durante el año 1944 /
Mención de responsabilidad, etc. Winston S. Churchill ; recopilados por Charles Eade : [traducción del inglés por Juan G. de Luaces].
250 ## - MENCION DE EDICION
Mención de edición [1ª ed.].
260 ## - PUBLICACIÓN, DISTRIBUCIÓN, ETC.
Lugar de publicación, distribución, etc. Barcelona :
Nombre del editor, distribuidor, etc. [s.n.],
Fecha de publicación, distribución, etc. 1945 (
Fabricante Agustín Núñez)
300 ## - DESCRIPCIÓN FÍSICA
Extensión 294 p. ;
Dimensiones 22 cm.
490 1# - MENCIÓN DE SERIE
Mención de serie Los libros de nuestro tiempo
700 1# - ENTRADA AGREGADA--NOMBRE PERSONAL
Nombre de persona Eade, Charles.
9 (RLIN) 46430
700 1# - ENTRADA AGREGADA--NOMBRE PERSONAL
Nombre de persona Luaces, Juan G. de.
9 (RLIN) 74483
830 04 - PUNTO DE ACCESO ADICIONAL DE SERIE-TÍTULO UNIFORME
Título uniforme Los libros de nuestro tiempo
9 (RLIN) 181112
852 ## - LOCALIZACIÓN
Ubicación ES-MaACL
Número de control de estantería B-10450
Sublocalización o colección R.22056
Holdings
Estatus retirado Estado de pérdida Estado de daño No para préstamo Biblioteca de origen Biblioteca actual Ubicación en estantería Fecha de adquisición Fuente de adquisición Total de préstamos Signatura topográfica completa Código de barras Visto por última vez Precio de reemplazo Tipo de ítem Koha
        Biblioteca del Ateneo de Madrid Biblioteca del Ateneo de Madrid Sala Pardo Bazán 17/01/2008     B-10450 1054962 23/02/2023 23/02/2023 Libro impreso